000 01056 a2200253 4500
005 20260408143704.0
008 260408b |||||||| |||| 00| 0 eng d
020 _a9789355184979 (hbk)
037 _cTB
040 _aCRL
_cCRL
041 _2hin
_ahin
084 _aO152,3N19,KK M2;R2
_qCRL
100 _aप्रीतम, अमृता
_9860150
245 _aकोरे कागज
250 _a11वां संस्करण
260 _aनयी दिल्ली, भारत
_bभारतीय ज्ञानपीठ
_c2022
300 _a95पृ.
365 _b300.00
_cINR
490 _aलोकोदय ग्रंथमाला: ग्रंथांक 424
650 _aहिन्दी कहानी
650 _aहिन्दी साहित्य
942 _cTB
_2CC
_e11वां संस्करण
_hO152,3N19,KK M2;R2
999 _c1466579
_d1466579